Les Jean-Claude célèbres - Statistiques

Statistiques générales
  • Ce quiz a été pris 138 fois
  • Le résultat moyen est 2 sur 8
Statistiques - réponses
Par images Réponse % Correct
Jean-Claude Van Damme
97%
Jean-Claude Killy
50%
Jean-Claude Bourret
37%
Jean-Claude Duvalier
18%
Jean-Claude Camus
11%
Jean-Claude Bouillon
5%
Jean-Claude Malgoire
2%
Jean-Claude Vanier
2%
Aucun quiz correspondant
Distribution des résultats
% des personnes avec chaque résultat
Percentile par nombre de réponses
Votre historique - résultats
Vous n’avez pas pris ce quiz